00422nam a2200097Ia 4500008004100000100002600041245013500067260003900202650001500241856006800256160712s9999 xx 000 0 und d aDistinguin, Isabelle. cIsabelle Distinguin,aThe Use of Accounting and Stock Market Data to Predict Bank Financial Distress: The Case of East Asian Banks c2012bPhilippine Management Review xMANAGEMENT uhttp://journals.upd.edu.ph/index.php/pmr/issue/view/248/showToc